000 00610pam a2200229 a 4500
001 1935034
005 20180216040440.0
008 870305s1987 nyua b 001 0 eng c
010 _a 86042509
020 _a088167303X
040 _aDNLM/DLC
_cDLC
_dDLC
041 _aeng
060 _aWI 39 M294
080 _a616.33 DRO
082 0 0 _a616.33 DRO
_219
100 _a9
101 _aGAS
245 0 0 _aManual of gastroenterologic procedures /
_ceditor, Douglas A. Drossman.
504 _aIncludes bibliographies and index.
906 _a7
_bcbc
_corignew
_d1
_eocip
_f19
_gy-gencatlg
942 _2ddc
_cBK
999 _c42754
_d42754